000 00304nam a22001457a 4500
008 230404b ||||| |||| 00| 0 eng d
020 _a9780737769593
041 _aeng
080 _a61
082 _a61MER
100 _a7
101 _aINF
245 _aMEDICAL TESTING
_cMERINO .N
942 _2udc
_cBK
999 _c59497
_d59497